000
00331nam a2200121Ia 4500
008
230524s9999 xx 000 0 und d
100
_a
"Michael R Blaha, James R Rumbaugh"
245
0
_a
Object Oriented Modeling and Design with UML UML 2
260
_b
Pearson
500
_a
Quantity Number: 30
650
_a
Comp-Sc
942
_c
BK
999
_c
50290
_d
50290